Dying to live. (Record no. 16701)

000 -LEADER
fixed length control field 00472nam a2200169 a 4500
001 - CONTROL NUMBER
control field :::00019898$&:&@@
003 - CONTROL NUMBER IDENTIFIER
control field OkBaRHE
005 - DATE AND TIME OF LATEST TRANSACTION
control field 20011109163524.0
008 - FIXED-LENGTH DATA ELEMENTS--GENERAL INFORMATION
fixed length control field j 000 0 eng u
040 ## - CATALOGING SOURCE
Transcribing agency
100 1# - MAIN ENTRY--PERSONAL NAME
Personal name Penn-Lewis, Jessie
245 10 - TITLE STATEMENT
Title Dying to live.
260 ## - PUBLICATION, DISTRIBUTION, ETC. (IMPRINT)
Place of publication, distribution, etc England
Name of publisher, distributor, etc Stanley L. Hunt Printers
300 ## - PHYSICAL DESCRIPTION
Extent 32 p.
942 ## - ADDED ENTRY ELEMENTS (KOHA)
Source of classification or shelving scheme
Koha item type Books
Copies
Permanent Location Source of classification or shelving scheme Date last seen Not for loan Withdrawn status Date acquired Damaged status Lost status Copy number Price effective from Full call number Shelving location Koha item type Barcode
RHEMA Bible Training College 2010-04-14  2010-04-14  12010-04-14BV 4501 .P385General StacksBooks19898